000 00300nam a2200121Ia 4500
008 191201s2019 xx 000 0 und d
100 _aRattan, S.S
245 0 _aFluid Mechanics and Hydraulic machines
260 _bKhanna Publishing
_c2019
300 _a735
650 _aB.Tech(ME)
942 _2ddc
_cBK
999 _c6963
_d6963